Statistics for American Basketball A to Z #4

Click here to take the quiz!

General Stats

  • This quiz has been taken 27 times
  • The average score is 14 of 23

Answer Stats

ClueAnswer% Correct
BShaquille O'Neal shattered 2 of these in his NBA careerBackboard
92%
DA type of defensive tactic where two players are on oneDouble team
92%
ACountry who beat the United States in the 2004 Olympics, led by Ginobili and ScolaArgentina
88%
KThe modern-era Splash Bros consist of Steph Curry and this shooting guardKlay Thompson
88%
TType of violation when a player takes more than two steps without dribblingTravel
88%
JMost common type of shot in the mid-range or three-pointer areasJump shot
83%
MComplete the famous trash talk quote: "The ____ doesn't deliver on Sundays"Mailman
79%
LA high-arcing pass over a defender to a teammate, usually in the form of an alley-oopLob
75%
CA type of situation where a player shoots immediately after receiving a passCatch-and-shoot
71%
RAnother term for the ballRock
71%
SKareem's signature moveSkyhook
71%
VHis nicknames are Air Canada, Flying Man, and Half-Man, Half-AmazingVince Carter
71%
ITerm for a coach who replaces a coach midseasonInterim coach
58%
NTerm for when a player dribbles or passes between the opponent's legsNutmeg
58%
HTerm for when a team intentionally fouls a player with the knowledge that that player cannot shoot free throws wellHacking
54%
FArena where the Milwaukee Bucks playFiserv Forum
50%
PCommon move by big men in the paint to get closer to the basket, usually done through strengthPost-up
42%
OAnother term for isoOne-on-one
38%
WRaptors sloganWe The North
29%
GInformal term for when a playoff series ends up 4-1, and the winning team supposedly gives the other team a win to be niceGentlemen's sweep
25%
YMost famous line from Kevin Durant's MVP speech, addressed to his mother"You're the real MVP"
25%
EFormat of basketball where teams play to reach a target score; this format is seen in the NBA All-Star gameElam ending
21%
UA slightly advanced statistic that calculates the percentage of possessions finished by a player through a field goal, free throw, or turnoverUsage rate
17%

Score Distribution

Percentile by Number Answered

Percent of People with Each Score

Your Score History

You have not taken this quiz